Obálka Náhled e-knihy:
Epub
Pro půjčování e-knih musíte být přihlášeni.
Jak si půjčit online?

Vzpomínky z podhradí /

Uloženo v:
Hlavní autor: Honzal, Zbyněk C., 1925-2008 (Autor)
Médium: E-kniha
Jazyk:Czech
Vydáno: Jindřichův Hradec : Stefanos, 2005
Vydání:Vyd. 1.
Témata:
Tagy:
Žádné tagy
LEADER 01859cam a2200481 a 4500
001 295558
003 CZ PrSKC
005 20260407070817.0
007 ta
008 050308s2005 xr a e 000 1acze
015 |a cnb001498944 
020 |a 8090310273  |q (brož.) 
035 |a (OCoLC)85136108 
040 |a BOA001  |b cze  |d ABA001 
043 |a e-xr---  |a e-xo--- 
045 |a x2x3 
072 7 |a 27-4  |x Praktická teologie. Morální teologie  |2 Konspekt 
072 7 |a 929  |x Biografie  |2 Konspekt 
080 |a 27-475-051  |2 MRF 
080 |a 910.4  |2 MRF 
080 |a 929  |2 MRF 
080 |a (437.3)  |2 MRF 
080 |a (437.6)  |2 MRF 
080 |a (0:82-94)  |2 MRF 
100 1 |a Honzal, Zbyněk C.,  |d 1925-2008  |7 mzk2005273221  |4 aut 
245 1 0 |a Vzpomínky z podhradí /  |c Zbyněk C. Honzal ; [editor Stanislav Forejt] 
250 |a Vyd. 1. 
260 |a Jindřichův Hradec :  |b Stefanos,  |c 2005 
300 |a 63 s. :  |b il. ;  |c 20 cm 
500 |a 250 výt. 
600 1 7 |a Honzal, Zbyněk C.,  |d 1925-2008  |7 mzk2005273221  |2 czenas 
648 7 |a 20.-21. století  |7 ch462155  |2 czenas 
650 0 7 |a kazatelé  |7 ph121551  |z Česko  |y 20.-21. století  |2 czenas 
650 0 7 |a cesty a pobyt  |7 ph137578  |z Slovensko  |2 czenas 
650 0 9 |a preachers  |z Czechia  |y 20th-21st centuries  |2 eczenas 
650 0 9 |a voyages and travels  |z Slovakia  |2 eczenas 
655 7 |a autobiografické vzpomínky  |7 fd131854  |2 czenas 
655 9 |a autobiographical reminiscences  |2 eczenas 
900 |a ABA001  |b 17 
044 |a xr 
910 |a RBIT002 
998 |d 151543  |a https://core.palmknihy.cz/api/books/151543/cover?1ui2og  |b https://core.palmknihy.cz/api/books/151543/cover/400?exuq3x  |c https://core.palmknihy.cz/api/books/151543/cover/50?beztnh  |e   |g 64  |i 9788090310278  |j https://core.palmknihy.cz/api/books/151543/preview.epub  |l   |q 49  |r 1  |s https://www.palmknihy.cz/kniha/151543  |t ebook  |y 2005  |z 0 
999 |d 295556